Neighborhoods of Brooklyn - Statistics

General Stats
  • This quiz has been taken 59 times
  • The average score is 30 of 47
Answer Stats
Hint Answer % Correct
North Williamsburg
97%
Northeast Bedford- Stuyvesant
93%
Southeast Canarsie
83%
Southwest Coney Island
83%
Central Flatbush
83%
Northwest Park Slope
83%
West Bay Ridge
79%
Northeast Bushwick
79%
Central Crown Heights
79%
Northwest DUMBO
79%
East East New York
79%
Southwest Bensonhurst
76%
South Brighton Beach
76%
Northwest Fort Greene
76%
Northwest Red Hook
76%
South Sheepshead Bay
76%
Northwest Brooklyn Heights
72%
North Greenpoint
72%
Northwest Downtown Brooklyn
69%
Southwest Dyker Heights
69%
West Sunset Park
69%
Northwest Carroll Gardens
66%
Southwest Gravesend
66%
Southeast Manhattan Beach
66%
Central Midwood
66%
Northwest Clinton Hill
62%
Southeast Flatlands
62%
Central Kensington
62%
Northwes Prospect Heights
62%
Southwest Sea Gate
62%
West Borough Park
59%
East Brownsville
59%
Northwest Cobble Hill
59%
Central East Flatbush
59%
Northwest Gowanus
59%
Northwest Boerum Hill
55%
Southeast Mill Basin
55%
Northwest Windsor Terrace
55%
Northeast Cypress Hills
52%
Southwest Bath Beach
48%
Southeast Gerritsen Beach
48%
Northwest Navy Yard
48%
Southeast Marine Park
41%
Southeast Bergen Beach
38%
Southwest Fort Hamilton
38%
Central Lefferts Gardens
31%
Central Prospect Park South
14%
No matching quizzes found
Score Distribution
Percent of People with Each Score
Percentile by Number Answered
Your Score History
You have not taken this quiz